| 000 | 00821nam a2200193Ia 4500 | ||
|---|---|---|---|
| 008 | 151121s9999||||xx |||||||||||||| ||und|| | ||
| 082 | _a813/शिन्दे | ||
| 082 | _bHNW-20899 | ||
| 100 | _aशिन्दे शान्ताराम रामचन्द्र | ||
| 245 | _aभ्रमरासी चारा सुगंधाचा | ||
| 260 | _b"साधना प्रकाशन, पुणे।" | ||
| 260 | _c-- | ||
| 300 | _a117 | ||
| 600 | _aशिन्दे शान्ताराम रामचन्द्र | ||
| 630 | _aभ्रमरासी चारा सुगंधाचा | ||
| 700 | _aशिन्दे शान्ताराम रामचन्द्र | ||
| 730 | _aभ्रमरासी चारा सुगंधाचा | ||
| 942 | _cBOOK | ||
| 999 |
_c1221305 _d1221302 |
||